01056 2200385 4500001002100000005001500021035002000036007000300056040001700059100002500076245007800101250001100179300003800190041000800228082001000236084001600246090002300262264003600285336002100321337003000342338002300372650001200395850001000407008004100417020002200458700003400480504002400514990001800538990001600556990001600572990001600588990002200604990002200626990002200648INLIS00000000000748020260602011425 a0010-0822000454ta aSBPUPADbind0 aAra RossiePengarang1 aTujuh Puluh Kreasi Masakan Jamur Pilihan /cAra Rossi ;Editor,Nina Kenyar a.-Ed.1 ax,158 hlm :billus. ;c19 x 21 cm0 aind a641.5 a641.5 ARA t a641.3 YAN p L20-8 a.--Yogyakarta :bG-media,c2011 2rdacontentateks 2rdamediaatanpa perantara 2rdacarrieravolume 4amakanan aPUPAD260602 0  a979-979-29-2227-10 aEditor,Nina KenyarePengarang aBibliografi,hlm 157 a14815/BR/2014 a14813/BR.14 a14814/BR.14 a14812/BR.14 a27.473/H/DPK,2018 a27.475/H/DPK/2018 a27.476/H/DPK/2018